000 00631nam a22002177a 4500
999 _c13860
_d13860
003 AR-CdUCM
008 190416b ||||| |||| 00| 0 spa d
020 _a978-612-45659-3-9
040 _aMUNICIPALIDAD PROVINCIAL DEL CUSCO
_cBIBLIOTECA MUNICIPAL DEL CUSCO
082 _aEP / 803 /
_bP13
110 _aEditorial Arsam .
_932438
245 _aPaco Yunque /
260 _aLima :
_bArsam,
_c2011.
300 _a63 páginas ;
_c21 cm.
440 _aClásicos KIDS.
_932439
505 _aContenido :Paco Yunque ...
650 _aCuentos
_9217
650 _aHistorietas
_910786
942 _2ddc
_cLIBROS
945 _arum
_d2019-04-16